[Event "SVK-ch U14"]
[Site "Tatralandia"]
[Date "2025.05.16"]
[Round "7"]
[White "Vanco, Simon"]
[Black "Livnansky, Michal"]
[Result "0-1"]
[WhiteElo "1594"]
[BlackElo "1944"]
[PlyCount "52"]
[EventDate "2025.05.11"]
[EventType "swiss"]
[EventRounds "9"]
[EventCountry "SVK"]
[SourceTitle "CB21_2025"]
[SourceDate "2025.05.21"]
[SourceVersion "1"]
[SourceVersionDate "2025.05.21"]
[SourceQuality "1"]

1. e4 c5 2. b3 Nc6 3. Bb2 d6 4. Nf3 Nf6 5. Nc3 Bd7 6. Bb5 g6 7. Qe2 a6 8. Bxc6 Bxc6 9. 0-0-0 Bh6 10. h3 0-0 11. g4 Bg7 12. Rdg1 b5 13. h4 b4 14. Nb1 Nxe4 15. Rh2 Bxb2+ 16. Kxb2 Nf6 17. h5 Qd7 18. Rh4 Kg7 19. Qe3 Bxf3 20. Qxf3 g5 21. h6+ Kh8 22. Rh3 Qe6 23. d3 Nd5 24. Qg2 Nf4 25. Qf3 Qe5+ 26. Kc1 Ne2+ 0-1